000 00537nam a22001697a 4500
005 20251108164241.0
008 250721s1983 xx 000 0 ara d
082 1 4 _a350/بشا
100 1 _aعبد الهادي، بشار
245 1 0 _aدراسات و أبحاث في الإدارة العامة و القانون الإداري /
264 1 _aعمان :
_bدار الفرقان،
_c1983.
300 _a95ص
650 1 7 _aالإدارة العامة
650 1 7 _aالقانون الإداري
942 _2ddc
_cBK
999 _c7460
_d7460